| 000 | 00541nam a22001937a 4500 | ||
|---|---|---|---|
| 003 | NUST - PNEC | ||
| 005 | 20170116180756.0 | ||
| 008 | 150406b xxu||||| |||| 00| 0 eng d | ||
| 020 | _a969402384X | ||
| 040 | _cLibrary | ||
| 082 | _a303.375 CHO | ||
| 100 |
_92120 _aChomsky Noam |
||
| 245 |
_aMedia Control, Second Edition: The Spectacular Achievements of Propaganda _cNoam Chomsky |
||
| 250 | _a2nd Ed | ||
| 260 |
_aIslamabad _bSeven Stories Press _cc2004. |
||
| 300 | _a103p. : | ||
| 650 |
_92121 _aMedia _xGeneral |
||
| 942 |
_2ddc _cBK |
||
| 999 |
_c62762 _d62762 |
||